000 03602cam a2200865 a 4500
001 20629
003 VRT
005 20260128114904.0
008 251104s1938 xo odabfrn 011 0 slo
015 _aSNBA19191938-004336
020 _q(brožované)
035 _aSK01SNKBSKHR20010068637
035 _aSKM000071100
039 9 _a202511040844
_bVLOAD
_c202504021509
_dmsnk160
_c202504021502
_dmsnk160
_c202504021456
_dmsnk160
040 _aSNK
_bslo
_cSNK
_eAACR2
041 0 _aslo
_bger
043 _ae-xo---
_ae-xo---
_ae-hu---
044 _axo
_cSK
072 7 _a902
_xArcheológia
_2konspekt
072 7 _a325
_xMedzinárodná migrácia, exil, kolonizácia
_2konspekt
072 7 _a94(437.6)
_xDejiny Slovenskej republiky
_2konspekt
080 _a325
_22011
080 _a902/908
_22011
080 _a903
_22011
080 _a902:904
_22011
080 _a(437.6)
_22011
080 _a(048.8)
_22011
080 _a902:911.37
_22011
080 _a(282.243)
_22011
080 _a902.2
_22011
100 1 _aJanšák, Štefan,
_d1886-1972
_4aut
245 1 0 _aStaré osídlenie Slovenska
_bDolný Hron a Ipeľ v praveku
_cŠtefan Janšák
260 _aTurčiansky Svätý Martin
_bMatica slovenská
_c1938
300 _axv, 176 strán, 32 strán obrazových príloh
_bfotografie, grafy, ilustrácie, mapy, plány, schémy,
_c24 cm
490 1 _aSpisy Historického odboru Matice slovenskej
_vsv. 3
500 _aMapy a plány so slovenským, nemeckým a francúzskym popisom. Dodatok. Obsah aj v nemčine
500 _aObsahuje 5 kapitol
504 _aObsahuje bibliografické odkazy. Register vecný, mien osobných a zemepisných na strane 167-176
546 _aNemecké resumé
650 0 7 _aosídľovanie
_2SNKPH
650 0 7 _apravek
_2SNKPH
650 0 7 _asídelná archeológia
_2SNKPH
650 0 7 _aarcheologické nálezy
_2SNKPH
650 0 7 _aprehistória
_2SNKPH
650 0 7 _aarcheologické lokality
_2SNKPH
650 0 7 _aarcheologické výskumy
_2SNKPH
651 7 _aSlovensko
_xdejiny
_2SNKPHgeo
651 7 _aHron (Slovensko : rieka : povodie)
_2SNKPHgeo
651 7 _aIpeľ (Slovensko a Maďarsko : rieka : povodie)
_2SNKPHgeo
655 7 _aštúdie
_2SNKPH
655 7 _amonografie
_2SNKPH
740 0 2 _aZemepisný a geologický charakter dolného Hrona a Ipľa
740 0 2 _aSídlištia v povodí Dunaja
740 0 2 _aSídlištia v povodí Hrona
740 0 2 _aSídlištia v povodí Ipľa
740 0 2 _aHronské a Ipeľské nálezy v rámci podunajských kultúr
752 _aSlovensko
_dMartin
830 0 _aSpisy Historického odboru Matice slovenskej
942 _2ddc
_cKLDO
_n0
949 _617A0402743
_asnkSC 1950/3 D1
_bsnk805/55
949 _6273K0414104
_asvkpoB 12051
_bsvkpo47400
949 _63869A09325
_abpksh943.76
_bbpksh8934
949 _62889010383
_asavukS 9458
949 _62889093184
_asavukIB 660/3
949 _6270001000321343
_asvkbbS 17018
_bsvkbbm 35308
_pProveniencia: Pečiatka: Mestská Verejná Knižnica Banská Bystrica
949 _6270001000321346
_asvkbbS 17018b
_bsvkbbm 452084
_pProveniencia: Pečiatka: Príručná Knižnica Oor v Lučenci
949 _617A0519934
_asnkSC 1950/3 D2
_bsnkI.1618/38
949 _617A0727574
_asnkSC 1950/3
_bsnk1482/38
_oT. 1619/38
949 _6273K0414105
_asvkpoB 12051a
_bsvkpo184448
949 _6273K0414103
_asvkpoB 12051b
_bsvkpo249175
949 _63830001092700
_akurukY1/72
_bkuruk2014/F6303
_oD2014/Jozef Mlacek - kat.žur. FF KU/9.6.2014
949 _60133013212
_asnmk
_bsnmk13212
999 _c20629
_d20629